| 000 | 00404nam a2200157Ia 4500 | ||
|---|---|---|---|
| 008 | 230711s9999||||xx |||||||||||||| ||und|| | ||
| 020 | _a81-7019-358-3 | ||
| 041 | _aENG | ||
| 082 |
_a632.7095 _bLE-I |
||
| 100 | _aLefroy, H. Maxwell | ||
| 245 | 0 | _aIndian Insect Pests | |
| 260 |
_c2017 _aNew, Delhi _bToday & Tomorrow 's Printers and Publishrs |
||
| 300 | _a318p. | ||
| 650 | _aAgriculture | ||
| 942 | _cBK | ||
| 999 |
_c7570 _d7570 |
||